| 000 | 00929nam a22002297a 4500 | ||
|---|---|---|---|
| 005 | 20140903120106.0 | ||
| 008 | 140606s2013 ck a gr 00010 spa d | ||
| 020 | _a9789587616453 | ||
| 041 | _aspa | ||
| 044 | _ack | ||
| 082 | 0 | 4 |
_a634.4 _bM84i |
| 100 | 1 |
_aMoreno-Fonseca, Liz Patricia. _926358 |
|
| 245 | 1 | 0 |
_aInnovación en la producción de plántulas de uchuva (Physalis peruviana L.) con micorrizas arbusculares / _cLiz Patricia Moreno Fonseca, editado Gabriel Roveda y Alberto Rosero |
| 260 |
_aBogotá _bUniversidad Nacional de Colombia. Facultad de Agronomía, _bColciencias _c2013. |
||
| 300 |
_a66 p. _bil., gráficas ; _c24 cm. |
||
| 504 | _aIncluye referencias bibliográficas (p. 63-66) | ||
| 650 | 4 |
_aUchuva _x Cultivo. _926359 |
|
| 650 | 4 |
_aUchuva _x Enfermedades y plagas. _926360 |
|
| 700 | 1 |
_aRoveda, Gabriel, _eed. _926361 |
|
| 700 | 1 |
_aRosero-Lasprilla, Alberto Ariel, _eed. _926362 |
|
| 942 |
_2ddc _cLIBRO |
||
| 999 |
_c8660 _d8660 |
||